000 00390nam a22001217a 4500
003 SGT
082 _a080
_bY16V
100 _aवीर, वरुण
245 _aयोग ही जीवन : आयुर्वेद तथा प्राकृतिक चिकित्सा संहित
260 _bमनु प्रकाशन
_c2016
300 _a224
942 _2ddc
_cBK
999 _c31550
_d31550